বৈকুন্ঠের উইল / (Record no. 2676)
[ view plain ]
| 000 -LEADER | |
|---|---|
| fixed length control field | 00738nam a2200217 4500 |
| 001 - CONTROL NUMBER | |
| JCCL Control Number | 2676 |
| 003 - CONTROL NUMBER IDENTIFIER | |
| JCCL marc code | BD-JhCC |
| 005 - DATE AND TIME OF LATEST TRANSACTION | |
| control field | 20200212134008.0 |
| 008 - FIXED-LENGTH DATA ELEMENTS--GENERAL INFORMATION | |
| fixed length control field | 171105s1370 bg |||| |||| 000 0 ben d |
| 035 ## - SYSTEM CONTROL NUMBER | |
| system control number | (BD-JhCC)2676 |
| 040 ## - CATALOGING SOURCE | |
| Original cataloging agency | BD-JhCC |
| Modifying agency | BD-JhCC |
| 041 ## - LANGUAGE CODE | |
| Language code of Book | ben |
| 082 ## - DEWEY DECIMAL CLASSIFICATION NUMBER | |
| Classification number | 491.443 |
| Author mark and Year | CHA 1370 |
| 100 ## - MAIN ENTRY--PERSONAL NAME | |
| Personal name | চট্টপাধ্যায়, শরৎচন্দ্র |
| 245 ## - TITLE STATEMENT | |
| Title | বৈকুন্ঠের উইল / |
| Statement of responsibility, etc | শরৎচন্দ্র চট্টপাধ্যায় |
| 260 ## - PUBLICATION, DISTRIBUTION, ETC. (IMPRINT) | |
| Place of publication, distribution, etc | ঢাকা : |
| Name of publisher, distributor, etc | ষ্ট্যান্ডার্ড পাবলিশার্স লিমিটেড, |
| Date of publication, distribution, etc | 1370. |
| 300 ## - PHYSICAL DESCRIPTION | |
| Pagination | 89 p. : |
| Dimensions | 17 cm. |
| 650 ## - SUBJECT ADDED ENTRY--TOPICAL TERM | |
| Topical term or geographic name as entry element | Bengali Novel |
| 942 ## - ADDED ENTRY ELEMENTS (KOHA) | |
| Source of classification or shelving scheme | Dewey Decimal Classification |
| Koha item type | Books |
| Koha issues (borrowed), all copies | 2 |
| Source of classification or shelving scheme | Damaged status | Not for loan | Home library | Current library | Shelving location | Date of accession | Cost, normal purchase price | Total Checkouts | Full call number | Barcode | Date last seen | Date checked out | Copy number | Koha item type |
|---|---|---|---|---|---|---|---|---|---|---|---|---|---|---|
| Dewey Decimal Classification | JCC Rouf Library | JCC Rouf Library | General Stacks | 11/05/2017 | 1.50 | 1 | 491.443 CHA 1370 | 4531 | 02/18/2020 | 02/11/2020 | C-1 | Books |